Implementación de un programa lineal para la optimización en la operación de un sistema de embalse

محفوظ في:
التفاصيل البيبلوغرافية
المؤلف الرئيسي: Saborío Bejarano, León Javier
التنسيق: غير معروف
منشور في: [San José, Costa Rica] 1981
الموضوعات:
الوسوم: إضافة وسم
لا توجد وسوم, كن أول من يضع وسما على هذه التسجيلة!

MARC

LEADER 00000 a2200000 4500
003 001619
005 20221231143745.0
008 140114s1981 c a m 000 ||s d
040 |c cru CEDI 
090 |a TFG 1102 
100 |a Saborío Bejarano, León Javier  |9 15764 
245 |a Implementación de un programa lineal para la optimización en la operación de un sistema de embalse 
260 |c 1981  |a [San José, Costa Rica] 
300 |a  ix, 117 hojas : ilustraciones ; 28 cm  
500 |a Proyecto de graduación (ingeniero civil)--Universidad de Costa Rica. Facultad de Ingeniería. Escuela de Ingeniería Civil 
650 |x EMBALSES - COSTA RICA  |9 15763 
942 |c TFG 
999 |c 11355  |d 11355